| 000 | 00702nam a2200205 a 4500 | ||
|---|---|---|---|
| 001 | 54809 | ||
| 005 | 20180714045837.0 | ||
| 008 | 140415s1999 000 0 eng d | ||
| 020 | _a9780471358466 | ||
| 041 | _aeng | ||
| 082 |
_a005.14 _bKAN |
||
| 100 | 1 | _aKANER, CEM | |
| 245 | 1 | 0 | _aTESTING COMPUTER SOFTWARE |
| 250 | _a2a ed. | ||
| 260 |
_a[s.l.] : _bCEM, _c1999 |
||
| 300 |
_a480 _c19 x 2.3 x 23.5 |
||
| 520 | _aTHIS BOOK WILL TEACH YOU HOW TO TEST COMPUTER SOFTWARE UNDER REAL-WORLD CONDITIONS. THE AUTHORS HAVE ALL BEEN TEST MANAGERS AND SOFTWARE DEVELOPMENT MANAGERS AT WELL-KNOW SILICON | ||
| 650 | 1 | 4 |
_aSOFTWARE _xPRUEBA |
| 700 | 1 |
_aFALK, JACK -NGUYEN, HUNG QUOC _ecoaut. |
|
| 999 |
_c54809 _d54809 |
||